Griekse goden - Statistieken

Algemene statistieken
  • Deze quiz is 312 keer genomen
  • De gemiddelde score is 8 van 10
Antwoordstatistieken
Romeins Grieks % Correct
Jupiter Zeus
89%
Neptunus Poseidon
84%
Venus Aphrodite
81%
Mars Ares
80%
Apollo Apollo
76%
Juno Hera
76%
Minerva Athena
75%
Diana Artemis
71%
Pluto Hades
69%
Bacchus Dionysos
62%
Geen overeenkomende quizzen gevonden
Scoreverdeling
Procent van Mensen met Elke Score
Percentiel versus Aantal Correcte Antwoorden
Uw Scoregeschiedenis
U heeft deze quiz nog niet genomen